000 00379nam a22001217a 4500
008 230626b xxu||||| |||| 00| 0 eng d
082 _a333.32
_bNLC
100 _cNational Land Commission
245 _aA framework for Formulating a National Land Policy for Kenya
_bconcept paper-November 2018
260 _aKenya
_bNational Land Commission
_c2018
300 _a42p
942 _2ddc
_cBK
999 _c2691
_d2691